01527nam a22001217a 4500008004100000100004100041245012800082260003100210300003200241520102600273650007501299773003101374220912b ||||| |||| 00| 0 eng d aRoland, D. Forder, J. and Jones, K.  aState of the art what is out there and what can we learn? International evidence on funding and delivery of long-term care  aSocial Policy and Society  a21(2), Apr, 2022: p.261-274 aThis article describes the social care funding and delivery arrangements of a varied selection of developed countries, focusing on long-term care of older people. International evidence and latest reforms can inform the debate as countries struggle economically. Some have opted for mandatory social insurance that provides universal coverage. A premium is paid and if the insured individual or relatives require support, they are entitled to it. Others opted for a similar universal system but with earmarked taxation, while others fund their social care entirely from general taxation. Many chose a safety-net system in which benefits are means-tested leaving wealthier individuals to secure private arrangements of care. Within the UK, the level of support varies as Scotland provides personal care free of charge, being more generous than England, Wales and Northern Ireland. There is no “one solution”, but understanding different options can help in the discussion of current and future reforms. – Reproduced  aLong-term care, Social care, Funding, Delivery, Long-term care reform. aSocial Policy and Society